Responses for Show #3415 - Friday, June 11, 1999

Contestants

[<< previous game]

Jerry Dynes, a physician from Westlake, Ohio

Michelle Arthington, a customs house broker from Mount Vernon, Washington

Ryan Thiel, a sign language interpreter from Minneapolis, Minnesota (whose 2-day cash winnings total $22,402)

[next game >>]

Jeopardy! Round responses

WESTERN EUROPE
HOME COOKIN'
JOE DiMAGGIO
NAME THE DECADE
POETS & POETRY
GOOD PROVERBS
    $100 17
North Sea

Jerry
    $100 12
jambalaya

Ryan
    $100 6
Mr. Coffee

Ryan
    $100 26
1490s

Ryan
    $100 11
"Hiawatha"

Michelle
    $100 1
Miss

Ryan
    $200 18
the Pyrenees

Michelle
    $200 13
Macaroni

Ryan
    $200 7
"Mrs. Robinson"

Jerry
    $200 27
1770s

Ryan
    $200 22
William Shakespeare

Ryan
    $200 2
Come to an end

Ryan
    $300 19
Isle of Man

Jerry
    $300 14
(Michelle: Who is Wynonna Judd?)

Naomi Judd

RyanMichelle
    $300 8
"The Yankee Clipper"

Ryan
    $300 28
1920s

Ryan
    $300 23
Joan of Arc

Ryan
    $300 3
Good intentions

Ryan
    $400 20
Versailles

Jerry
    $400 15
Richard Simmons

Ryan
    $900 9
New York Giants

Ryan
    $400 29
1930s

Triple Stumper
    $400 24
Greece

Ryan
    $400 4
Deeds

Ryan
    $500 21
(Ryan: What is Zurich?)

Lausanne

RyanJerry
    $500 16
Elvis Presley

Ryan
    $500 10
Dom or Vince

Jerry
    $500 30
1890s

Ryan
    $500 25
(Alex: With a minute to go.)

Sylvia Plath

Ryan
    $500 5
(Ryan: What is the [**]?)
[Originally ruled incorrect; reversed after the first break]
...
(Alex: [After the break] Ryan, we found an Irish proverb that agrees with you, so you get an extra $1,000.)

the race (the battle accepted)

Ryan

Scores at the first commercial break (after clue 15):

Ryan Michelle Jerry
$3,800 -$200 $700

Scores at the end of the Jeopardy! Round:

Ryan Michelle Jerry
$6,300 $0 $2,000

Double Jeopardy! Round responses

ASIAN CITIES
GREEN STUFF
FILM NARRATORS
(Alex: You have to identify the actor, please.)
THEY REST IN RHODE ISLAND
HUMANITARIANS
"G" WHIZ!
    $200 16
Baghdad

Ryan
    $200 6
Yellow & blue

Ryan
    $200 11
Tom Hanks

Jerry
    $200 21
Civil War

Jerry
    $200 26
Helen Keller

Ryan
    $200 1
Grouse

Michelle
    $400 17
Pakistan

Michelle
    $400 7
(Jerry: Who is Santa Claus?)

the Jolly Green Giant

RyanJerry
    $400 12
Dustin Hoffman

Ryan
    $400 22
Cheers

Ryan
    $400 27
Andrew Carnegie

Michelle
    $400 2
Georgia

Ryan
    $600 18
Sapporo

Ryan
    $600 8
Green Mountains

Ryan
    $600 13
William Holden

Jerry
    $600 23
Roger Williams

Jerry
    $600 28
Jane Addams

Jerry
    $600 3
Gibraltar

Jerry
    $1,000 19
Phnom Penh

Ryan
    $800 9
West Germany

Michelle
    $800 14
Woody Allen

Jerry
    $800 24
Perry (Matthew & Oliver)

Triple Stumper
    $3,500 29
(Jerry: What is Yugoslavia?)

Armenia

Jerry
    $800 4
(Ryan: What is a gopher?)

a ground squirrel

Ryan
Triple Stumper
    $1000 20
Colombo

Jerry
    $1000 10
The Red Green Show

Ryan
    $1000 15
(Michelle: Who is Charlie Sheen?)

Martin Sheen

MichelleJerry
    $1000 25
H.P. Lovecraft

Jerry
    $1000 30
Walter Reed

Jerry
    $1000 5
Gar

Ryan

Scores at the end of the Double Jeopardy! Round:

Ryan Michelle Jerry
$11,900 $800 $5,700
(lock game)

[wagering suggestions for these scores]

Final Jeopardy! Round responses

ART
MichelleWhat is panorama?
$799
JerryWhat is Chioroscuro
$1,700
RyanWhat is Perspective
$400
Perspective

Final scores:

Ryan Michelle Jerry
$12,300 $1 $4,000
3-day champion: $34,702 3rd place: Daewoo Video System 2nd place: Trip to Spice Island Beach Resort, Grenada

Game dynamics:

Coryat scores:

Ryan Michelle Jerry
$11,200 $800 $9,200
33 R
(including 2 DDs),
2 W
6 R,
2 W
17 R,
2 W
(including 1 DD)

Combined Coryat: $21,200

[game clues] [game scores] [suggest correction]

Game tape date: Unknown
The J! Archive is created by fans, for fans. Scraping, republication, monetization, and malicious use prohibited; this site may use cookies and collect identifying information. See terms. The Jeopardy! game show and all elements thereof, including but not limited to copyright and trademark thereto, are the property of Jeopardy Productions, Inc. and are protected under law. This website is not affiliated with, sponsored by, or operated by Jeopardy Productions, Inc. Join the discussion at JBoard.tv.